Statistics for World War I Quiz

Click here to take the quiz!

General Stats

  • This quiz has been taken 83,684 times
  • The average score is 15 of 26

Answer Stats

HintAnswer% Correct
Archduke whose assassination
started the conflict
Franz Ferdinand
88%
Major allies of GermanyAustria-Hungary
87%
Area between the trenches{No} {Man}'s Land
87%
Treaty that officially ended the
war against Germany
Treaty of {Versailles}
83%
Another name for WWIThe {Great} War
79%
Pandemic that started in 1918{Spanish} Flu
76%
Yet another name for WWIThe War to
{End} {All} {Wars}
73%
Yellow-brown chemical weapon{Mustard} Gas
72%
City in which the above
took place
Sarajevo
66%
Kaiser of GermanyWilhelm II
63%
President of the U.S.Woodrow Wilson
63%
Tsar of RussiaNicholas II
62%
Major allies of GermanyOttoman Empire
60%
Widespread medical condition
caused by damp feet
{Trench} Foot
56%
Name for Germany and its alliesThe {Central} Powers
55%
Deadly battles on
the Western Front in 1916
Battle of the {Somme}
53%
Unofficial ceasefire in late 1914{Christmas} Truce
53%
Name for November 11, 1918{Armistice} Day
51%
German airships which
bombed the U.K.
Zeppelins
45%
Turkish peninsula which ANZAC
troops tried to capture
Gallipoli
43%
Major allies of GermanyBulgaria
42%
Deadly battles on
the Western Front in 1916
Battle of {Verdun}
38%
German proposal for Mexico to
invade the U.S.
{Zimmermann} Telegram
33%
Prime Ministers of the U.K.David Lloyd George
24%
Prime Minister of FranceGeorges Clemenceau
11%
Prime Ministers of the U.K.H. H. Asquith
11%

Score Distribution

Percentile by Number Answered

Percent of People with Each Score

Your Score History

You have not taken this quiz